The intelligent person's guide to good governance /

Salvato in:
Dettagli Bibliografici
Autore principale: Munshi, Surendra
Altri autori: Abraham, Biju Paul, Chaudhuri, Soma, 1977-
Natura: Libro
Pubblicazione: New Delhhi, India : Sage Publications India pvt ltd , c2009.
Soggetti:
Tags: Aggiungi Tag
Nessun Tag, puoi essere il primo ad aggiungerne!!

MARC

LEADER 00000cam a22000004a 4500
005 20260416061952.0
020 |a 9788178299310  |c TZS 21,847.511/= 
040 |a MCCL  |b eng.  |e AACR 2nd rev. ed. 
082 0 0 |a 352.08631 MUN 
100 1 |a Munshi, Surendra. 
245 1 4 |a The intelligent person's guide to good governance /  |c Surendra Munshi, Biju Paul Abraham & Soma Chaudhuri. 
260 |a New Delhhi, India :  |b Sage Publications India pvt ltd ,  |c c2009. 
300 |a x, 195 p. ;  |c 20 cm. 
504 |a Includes bibliographical references (p. [169]-188) and index. 
650 0 |a Democratization  |z India. 
650 0 |a Public administration  |z India. 
650 0 |a Democratization  |z Developing countries. 
650 0 |a Public administration  |z Developing countries. 
700 1 |a Abraham, Biju Paul. 
700 1 |a Chaudhuri, Soma,  |d 1977- 
942 |c BK 
999 |c 12661  |d 12661